000 01031nam a2200277 i 4500
001 bg
003 BPK
005 20191012113449.0
008 150612s1992 pl a f 000 0 pol d
020 _a8390040093
040 _cBPK
041 1 _apol
_heng
080 _a339.138
100 1 _aSewell, Carl.
245 1 0 _aKlient na całe życie :
_bczyli jak zmienić przypadkowego klienta w wiernego entuzjastę naszych usług /
_cCarl Sewell i Paul B. Brown ; przedm. Tom Peters ; posł. Stanley Marcus ; [tł. Marzena Gąsiorek].
260 _aWarszawa :
_bMorrow & Co,
_c1992.
300 _a207 s. :
_bil. ;
_c21 cm.
655 _aPoradnik
650 4 _aTechniki sprzedaży
700 1 _aBrown, Paul B.
700 1 _aPeters, Thomas J.
_d(1942- ).
_ePrzedm.
700 1 _aMarcus, Stanley
_d(1905-2002).
_ePosł.
700 1 _aGąsiorek, Marzena.
_eTł.
856 _uhttp://koha.tu.koszalin.pl/cgi-bin/koha/opac-detail.pl?biblionumber=5736
_yKatalog online BPK
942 _cKS
_2UKD
999 _c5736
_d5736